00250nam a22000977a 4500040000700000082002200007100003200029245004000061260004200101300000900143 cSY a338 DAV 2000 C092 aDivid Pearce Edward Barbier ablueprint for a sustainable Economy aUKbDivid Pearce Edward Barbierc2000 a273p